Dynamic modeling and control of engineering systems / (Record no. 615855)

000 -LEADER
fixed length control field 01279pam a2200337 a 4500
001 - CONTROL NUMBER
control field 4343063
005 - DATE AND TIME OF LATEST TRANSACTION
control field 20260119152618.0
008 - FIXED-LENGTH DATA ELEMENTS--GENERAL INFORMATION
fixed length control field 890130s1990 nyua b 001 0 eng
010 ## - LIBRARY OF CONGRESS CONTROL NUMBER
LC control number 89002513
020 ## - INTERNATIONAL STANDARD BOOK NUMBER
International Standard Book Number 002409790X
035 ## - SYSTEM CONTROL NUMBER
System control number 4343063
040 ## - CATALOGING SOURCE
Original cataloging agency DLC
Transcribing agency DLC
Modifying agency DLC
050 00 - LIBRARY OF CONGRESS CALL NUMBER
Classification number TA342
Item number .S54 1990
082 00 - DEWEY DECIMAL CLASSIFICATION NUMBER
Classification number 620.0042
Edition number 19
100 1# - MAIN ENTRY--PERSONAL NAME
Personal name Shearer, J. Lowen.
9 (RLIN) 40558
110 ## - MAIN ENTRY--CORPORATE NAME
Corporate name or jurisdiction name as entry element Bohdan T. Kulakowski.
9 (RLIN) 132817
245 10 - TITLE STATEMENT
Title Dynamic modeling and control of engineering systems /
Statement of responsibility, etc. J. Lowen Shearer, Bohdan T. Kulakowski.
260 ## - PUBLICATION, DISTRIBUTION, ETC.
Place of publication, distribution, etc. New York :
Name of publisher, distributor, etc. Macmillan ;
Place of publication, distribution, etc. London :
Name of publisher, distributor, etc. Collier Macmillan,
Date of publication, distribution, etc. c1990.
300 ## - PHYSICAL DESCRIPTION
Extent xiii, 370 p. :
Other physical details ill. ;
Dimensions 25 cm. +
Accompanying material 1 computer disk (5 1/4 in.)
336 ## - CONTENT TYPE
Content type term text
Content type code txt
Source rdacontent
337 ## - MEDIA TYPE
Media type term unmediated
Media type code n
Source rdamedia
338 ## - CARRIER TYPE
Carrier type term volume
Carrier type code nc
Source rdacarrier
500 ## - GENERAL NOTE
General note System requirements for computer disk (Simprog): IBM-compatible PC; 64K RAM.
504 ## - BIBLIOGRAPHY, ETC. NOTE
Bibliography, etc. note Includes bibliographical references and index.
650 #0 - SUBJECT ADDED ENTRY--TOPICAL TERM
Topical term or geographic name entry element Engineering
General subdivision Mathematical models.
700 1# - ADDED ENTRY--PERSONAL NAME
Personal name Kulakowski, Bohdan T.
9 (RLIN) 40561
906 ## - LOCAL DATA ELEMENT F, LDF (RLIN)
a 7
b cbc
c orignew
d 1
e ocip
f 19
g y-gencatlg
942 ## - ADDED ENTRY ELEMENTS (KOHA)
Source of classification or shelving scheme
Koha item type Book
Holdings
Withdrawn status Lost status Source of classification or shelving scheme Damaged status Not for loan Permanent Location Current Location Shelving location Date acquired Total Checkouts Full call number Barcode Date last seen Price effective from Koha item type Public note
          College of Electrical & Mechanical Engineering (CEME) College of Electrical & Mechanical Engineering (CEME) General Stacks 01/19/2026   620.0042 CEME-25291 01/19/2026 01/19/2026 Book 4.1
          College of Electrical & Mechanical Engineering (CEME) College of Electrical & Mechanical Engineering (CEME) General Stacks 01/19/2026   620.0042 CEME-27744 01/19/2026 01/19/2026 Book 4.1
© 2023 Central Library, National University of Sciences and Technology. All Rights Reserved.